| 000 | 00405nam a22001697a 4500 | ||
|---|---|---|---|
| 005 | 20180810113246.0 | ||
| 008 | 160624b xxu||||| |||| 00| 0 eng d | ||
| 020 | _a81-7446-295-3 | ||
| 041 | _aeng | ||
| 082 |
_b9522 _a658.3 |
||
| 100 |
_aBhattacharya, Dipak Kumar _953 |
||
| 245 | _aHuman Resource Planning | ||
| 260 |
_bExcel book _c2002 |
||
| 300 | _a358p, | ||
| 650 |
_aManagement _9241 |
||
| 942 | _cBK | ||
| 999 |
_c3824 _d3823 |
||